LEADER 00951nam0-2200325---450- 001 990009332040403321 005 20110321095713.0 010 $a97-8-27535-0985-6 035 $a000933204 035 $aFED01000933204 035 $a(Aleph)000933204FED01 035 $a000933204 100 $a20110321d2009----km-y0itay50------ba 101 0 $afre 102 $aFR 105 $aa-------001yy 200 1 $aParis, Berlin$ela mémoire de la guerre, 1914-1933$fÉlise Julien 210 $aRennes$cPresses universitaires de Rennes$d2009 215 $a409 p.$cill.$d24 cm 225 1 $aHistoire$iGuerre et société 610 0 $aGuerra mondiale 1914-1918$aAspetti sociali 676 $a940.51$v22$zita 700 1$aJulien,$bÉlise$f<1976- >$0510490 801 0$aIT$bUNINA$gREICAT$2UNIMARC 901 $aBK 912 $a990009332040403321 952 $aXIV B 2201$b46276$fFSPBC 959 $aFSPBC 996 $aParis, Berlin$9766464 997 $aUNINA LEADER 01260nam2-22004091i-450- 001 990005410640203316 005 20040512120000.0 035 $a000541064 035 $aUSA01000541064 035 $a(ALEPH)000541064USA01 035 $a000541064 100 $a20040512d1992-------|0enac50------ba 101 $aeng 102 $aGB 105 $a|||| ||||| 200 1 $a<> designed experiments$fGeorge A. Milliken, Dallas E. Johnson 210 $aLondon [etc.]$cChapman & Hall$d1992 215 $aXIV, 473 p. 461 1$1001000540168$12001$aAnalysis of messy data$v1 606 $acampionamento statistico$2FI 606 $aAnalisi della varianza e della covarianza$2FI 620 $dLondon 676 $a519.535$cAnalisi multivariata$v21 700 1$aMILLIKEN,$bGeorge A.$0613232 701 1$aJOHNSON,$bDallas E.$0613233 712 $aChampan & Hall 801 $aIT$bSOL$c20120104 912 $a990005410640203316 950 $aDIP.TO SCIENZE ECONOMICHE - (SA)$dDS 500 519.535 MIL$e11535 DISES 951 $a500 519.535 MIL$b11535 DISES 959 $aBK 969 $aDISES 979 $c20121027$lUSA01$h1531 979 $c20121027$lUSA01$h1611 996 $aDesigned experiments$91143360 997 $aUNISA NUM $aUSA12700